| 000 | 01656ngm a22003850a 4500 | ||
|---|---|---|---|
| 001 | PT16676 | ||
| 003 | AR-LpoUNG | ||
| 005 | 20210202000222.0 | ||
| 007 | vd cvaizq | ||
| 008 | 191001s1971||||ag |||||||||||||||||eng d | ||
| 037 | _c$10 | ||
| 040 |
_aAR-LpoUNG _bspa _cAR-LpoUNG _eaacr |
||
| 041 |
_aeng _aspa |
||
| 044 | _aag | ||
| 082 | 0 | _a303.32 95nar | |
| 100 | 1 |
_aKubrick, Stanley _edir. |
|
| 245 | 1 | 3 | _aLa naranja mecánica |
| 260 |
_aSan Luis : _bAVH, _c[1971]. |
||
| 300 | _aVHS (137 min.) : son., col. | ||
| 505 | 0 | _aDialogos en inglés, subtítulos en castellano. Basada en la novela de Burgess, Anthony | |
| 520 | _aUna historía oscura, irónica de un futuro violento. Las aventuras de un joven cuyos principales intereses son la violación, la ultra-violencia, y Beethoven. Alex tiene sus propios métodos para divertirse y descargar su tremenda agresividad y lo consigue disfrutando a expensas de la tragedia y la desgracia de los demás. La historia de Alex, desde sus comienzos como delincuente sin moral hasta convertirse en un civilizado ciudadano integrado en la sociedad tras someterse a un tratamiento capaz de eliminar sus instintos violentos, forman la dinámica e impactante visión futurista de la novela de Anthony Burgess. | ||
| 650 | 4 | _aADAPTACION SOCIAL | |
| 650 | 4 | _aCOMPORTAMIENTO SOCIAL | |
| 650 | 4 | _aFUTURO | |
| 650 | 4 | _aPSICOLOGIA SOCIAL | |
| 650 | 4 | _aSISTEMA SOCIAL | |
| 650 | 4 | _aSOCIALIZACION | |
| 650 | 4 | _aSOCIEDAD | |
| 650 | 4 | _aVIOLENCIA | |
| 651 | 4 | _aDOCUMENTOS TEORICOS O METODOLOGICOS | |
| 653 | _aVIDEOS | ||
| 710 | 2 | _aWarner Bros (firma comercial) | |
| 905 | _a16676 | ||
| 942 | _cVIDEO | ||
| 999 |
_c54370 _d54370 |
||